00809nam a2200265Ia 4500001001000000003000500010008004100015010001100056020001800067040000900085082002200094100002500116245007100141250000600212260005400218300001100272500005200283503002000335650004100355650002400396700002900420700002900449700003400478700003100512Para_9780CHAP220125s9999 xx 000 0 und d a208422 a0-13-098143-5 cCHAP aPA 635.9 6429 F35 aFermanian, Thomas W. aControlling turfgrass pests /c Thomas W. Fermanian ... [et al.]. a3 aUpper Saddle River, New Jersey :b Prentice Hall a654 p. aIncluye referencias bibliográficas e índice aI.259952 (ej.1) aCéspedes x Enfermedades y plagas  aManejo del césped aNixon, Philip L., coaut. aRandell, Roscoe, coaut.  aShurtleff, Malcolm C, coaut.  aWilkinson, Henry T, coat.